000 02160nam a22002177a 4500
003 TH-BaNU
005 20230329135254.0
008 230329b2022 TH ||||| |||| 00| 0 tha d
020 _a9786160837182
040 _aTH-BaNU
100 _a มนตรี แสงภัทราชัย
245 _aสยบดราม่าในองค์กร =
_bStop Workplace Drama
260 _aกรุงเทพฯ:
_bเชนจ์พลัส:
_c2565
300 _a176 หน้า:
_bภาพประกอบ
520 _aพบกับผลงานที่ไม่ธรรมดาของโค้ชระดับแนวหน้าของประเทศ ที่มีความรู้ความสามารถในเรื่องศาสตร์การโค้ชบนพื้นฐานหลักการทำงานของสมอง ไขความลับสู่ความสำเร็จแห่งการบริหารจัดการความขัดแย้งของคนทุกระดับในองค์กรอย่างสร้างสรรค์และยั่งยืน และศาสตร์แห่งการโค้ชตนเอง ซึ่งนำไปใช้ได้จริงในชีวิตการทำงานและชีวิตส่วนตัว สามารถใช้เป็นคู่มือการโค้ชตนเองและทีมงาน เพื่อช่วยดึงศักยภาพด้านบริหารจัดการดราม่าในตนเองและในองค์กร ให้ประสบความสำเร็จอย่างราบรื่น เกิดเป็นทีมเวิร์คที่แข็งแรง ยั่งยืน และมีความสุข
650 _aจิตวิทยาอุตสาหกรรม
850 _aSHTL
856 _uhttps://se-ed.belibcloud.com/book-detail/18038
_yse-ed e-library
942 _2local
_cEBK
998 _cBee
999 _c37481
_d37481